Département qui ont atteint leur population maximale avant 2009 - Statistiques

Statistiques générales
  • Ce quiz a été pris 38 fois
  • Le résultat moyen est 9 sur 14
Statistiques - réponses
Département % Correct
Creuse
89%
Cantal
86%
Allier
77%
Nièvre
71%
Yonne
71%
Ardennes
69%
Cher
69%
Meuse
69%
Orne
66%
Haute-Marne
63%
Indre
63%
Vosges
63%
Saône-et-Loire
46%
Martinique
40%
Aucun quiz correspondant
Distribution des résultats
% des personnes avec chaque résultat
Percentile par nombre de réponses
Votre historique - résultats
Vous n’avez pas pris ce quiz